Video Games by Year: 1993 - Statistics

General Stats
  • This quiz has been taken 43 times
  • The average score is 5 of 16
Answer Stats
Picture Answer % Correct
Doom
85%
Mortal Kombat II
85%
Kirby's Adventure
83%
Battletoads & Double Dragon – The Ultimate Team
63%
Star Fox
63%
Castlevania: Rondo of Blood
43%
SimCity 2000
33%
Bubsy in Claws Encounters of the Furred Kind
25%
Ultima VII Part Two: Serpent Isle
13%
Cannon Fodder
8%
Goof Troop
8%
Jungle Strike
8%
Phantasy Star IV: The End of the Millennium
8%
Syndicate
8%
Shadowrun
3%
Ys IV: Mask of the Sun
3%
No matching quizzes found
Score Distribution
Percent of People with Each Score
Percentile by Number Answered
Your Score History
You have not taken this quiz